The graves are not yet full (Record no. 1730)

MARC details
000 -LEADER
fixed length control field 02521cam a2200493Ka 4500
001 - CONTROL NUMBER
control field ocn606484059
003 - CONTROL NUMBER IDENTIFIER
control field OCoLC
005 - DATE AND TIME OF LATEST TRANSACTION
control field 20120523055110.0
008 - FIXED-LENGTH DATA ELEMENTS--GENERAL INFORMATION
fixed length control field 100411s2001 nyuabf ob 001 0 eng d
006 - FIXED-LENGTH DATA ELEMENTS--ADDITIONAL MATERIAL CHARACTERISTICS--GENERAL INFORMATION
fixed length control field m d
007 - PHYSICAL DESCRIPTION FIXED FIELD--GENERAL INFORMATION
fixed length control field cr bn||||||abp
007 - PHYSICAL DESCRIPTION FIXED FIELD--GENERAL INFORMATION
fixed length control field cr bn||||||ada
040 ## - CATALOGING SOURCE
Original cataloging agency OCLCE
Language of cataloging eng
Transcribing agency OCLCE
Modifying agency OCLCQ
020 ## - INTERNATIONAL STANDARD BOOK NUMBER
Cancelled/invalid ISBN 9780465006410
020 ## - INTERNATIONAL STANDARD BOOK NUMBER
Cancelled/invalid ISBN 9780465006427 (pbk.)
020 ## - INTERNATIONAL STANDARD BOOK NUMBER
Cancelled/invalid ISBN 0465006418
020 ## - INTERNATIONAL STANDARD BOOK NUMBER
Cancelled/invalid ISBN 0465006426 (pbk.)
035 ## - SYSTEM CONTROL NUMBER
System control number (OCoLC)606484059
042 ## - AUTHENTICATION CODE
Authentication code dlr
043 ## - GEOGRAPHIC AREA CODE
Geographic area code fb-----
-- f------
050 #4 - LIBRARY OF CONGRESS CALL NUMBER
Classification number DT352.8
Item number .B46 2001
082 04 - DEWEY DECIMAL CLASSIFICATION NUMBER
Classification number 960.3/3
Edition number 22
049 ## - LOCAL HOLDINGS (OCLC)
Holding library TZAA
100 1# - MAIN ENTRY--PERSONAL NAME
Personal name Berkeley, Bill.
245 14 - TITLE STATEMENT
Title The graves are not yet full
Medium [electronic resource] :
Remainder of title race, tribe and power in the heart of Africa /
Statement of responsibility, etc Bill Berkeley.
246 30 - VARYING FORM OF TITLE
Title proper/short title Race, tribe, and power in the heart of Africa
260 ## - PUBLICATION, DISTRIBUTION, ETC. (IMPRINT)
Place of publication, distribution, etc New York :
Name of publisher, distributor, etc Basic Books,
Date of publication, distribution, etc c2001.
300 ## - PHYSICAL DESCRIPTION
Extent 1 online resource (ix, 309 p., [8] p. of plates) :
Other physical details ill., maps
504 ## - BIBLIOGRAPHY, ETC. NOTE
Bibliography, etc Includes bibliographical references (p. 287-293) and index.
505 0# - FORMATTED CONTENTS NOTE
Formatted contents note A farmer -- The rebel -- The assistant secretary -- "A voice of good sense and good will" -- The collaborator -- Three Ph. D.s and a new kind of African leader -- The defendant.
520 ## - SUMMARY, ETC.
Summary, etc The author presents situations and personalities of Africa as he knows them, along with the theory that "Africa's ruinous conflicts are not a product of age-old hatreds but of calculated tyranny."--Jacket.
506 ## - RESTRICTIONS ON ACCESS NOTE
Materials specified Use copy
Standardized terminology for access restriction Restrictions unspecified
Source of term star
Institution to which field applies MiAaHDL
533 ## - REPRODUCTION NOTE
Type of reproduction Electronic reproduction.
Place of reproduction [S.l.] :
Agency responsible for reproduction HathiTrust Digital Library,
Date of reproduction 2010.
-- MiAaHDL
538 ## - SYSTEM DETAILS NOTE
System details note Master and use copy. Digital master created according to Benchmark for Faithful Digital Reproductions of Monographs and Serials, Version 1. Digital Library Federation, December 2002.
Uniform Resource Identifier <a href="http://purl.oclc.org/DLF/benchrepro0212">http://purl.oclc.org/DLF/benchrepro0212</a>
-- MiAaHDL
583 1# - ACTION NOTE
Action digitized
Time/date of action 2010
Jurisdiction HathiTrust Digital Library
Status committed to preserve
Source of term pda
Institution to which field applies MiAaHDL
588 ## -
-- Description based on print version record.
650 #0 - SUBJECT ADDED ENTRY--TOPICAL TERM
Topical term or geographic name as entry element Insurgency
Geographic subdivision Africa, Sub-Saharan.
650 #0 - SUBJECT ADDED ENTRY--TOPICAL TERM
Topical term or geographic name as entry element Heads of state
Geographic subdivision Africa, Sub-Saharan.
651 #0 - SUBJECT ADDED ENTRY--GEOGRAPHIC NAME
Geographic name Africa, Sub-Saharan
General subdivision Politics and government
Chronological subdivision 1960-
651 #0 - SUBJECT ADDED ENTRY--GEOGRAPHIC NAME
Geographic name Africa
General subdivision Politics and government
Chronological subdivision 20th century.
776 08 - ADDITIONAL PHYSICAL FORM ENTRY
Display text Print version:
Main entry heading Berkeley, Bill.
Title Graves are not yet full.
Place, publisher, and date of publication New York : Basic Books, c2001
Record control number (DLC) 2003464862
-- (OCoLC)46565449
856 40 - ELECTRONIC LOCATION AND ACCESS
Materials specified HathiTrust Digital Library
Uniform Resource Identifier <a href="http://catalog.hathitrust.org/api/volumes/oclc/46565449.html">http://catalog.hathitrust.org/api/volumes/oclc/46565449.html</a>
994 ## -
-- C0
-- TZACH

No items available.

African Court on Human and Peoples' Rights | For Inquiries Contact » +255 272 510 510